000
00324nam a22001457a 4500
008
221114b ||||| |||| 00| 0 eng d
020
_a
9780521560825
041
_a
eng
080
_a
51
082
_a
51BUB
100
_a
20.1
101
_a
MATE
245
_a
INTERPRETING THE QUANTUM WORLD
_c
BUB JEFREY
942
_2
udc
_c
BK
999
_c
58876
_d
58876